LEADER 00908nam0-22003371i-450- 001 990005600680403321 005 20101110130045.0 035 $a000560068 035 $aFED01000560068 035 $a(Aleph)000560068FED01 035 $a000560068 100 $a19990604d1947----km-y0itay50------ba 101 0 $aita 102 $aIT 105 $ay-------001yy 200 1 $aMontecassino$ela vita, l'irradiazione$fTommaso Leccisotti 205 $a2. ed. 210 $aFirenze$cVallecchi$d1947 215 $a226 p., 32 tav.$d24 cm 610 0 $aAbbazia di Montecassino 676 $a271 700 1$aLeccisotti,$bTommaso$f<1895-1982>$0211263 801 0$aIT$bUNINA$gRICA$2UNIMARC 901 $aBK 912 $a990005600680403321 952 $aSDI-XXIV A 4$bs.i.$fSDI 952 $a271 LEC 1$bST. ARTE S.I.$fFLFBC 959 $aFLFBC 959 $aSDI 996 $aMontecassino$9269034 997 $aUNINA LEADER 01216nam2-2200385li-450 001 990000194430203316 005 20180312154814.0 010 $a0-8218-0267-4 035 $a0019443 035 $aUSA010019443 035 $a(ALEPH)000019443USA01 035 $a0019443 100 $a2001997031996-------y0itay0103----ba 101 0 $aeng 102 $aUS 200 1 $a<> invitation to arithmetic geometry$fDino Lorenzini 210 $aRhode Island$cAmerican Mathematical Society$dcopyr.1996 215 $aXII, 397 p$cill$d26 cm 225 2 $aGraduate studies in mathematics$v9 410 0$10010019441$12001$aGraduate studies in mathematics 610 1 $ageometria 676 $a51274$9Teoria dei numeri (Algebrica) 700 1$aLORENZINI,$bDino$067552 801 $aSistema bibliotecario di Ateneo dell' Università di Salerno$gRICA 912 $a990000194430203316 951 $a512.74 LOR$b0019851 959 $aBK 969 $aSCI 979 $c19970306 979 $c20001110$lUSA01$h1713 979 $c20020403$lUSA01$h1627 979 $aPATRY$b90$c20040406$lUSA01$h1614 979 $aPASSARO$b90$c20140603$lUSA01$h1151 996 $aInvitation to arithmetic geometry$978942 997 $aUNISA